Deadly medicine : creating the master race
Αποθηκεύτηκε σε:
| Συγγραφή απο Οργανισμό/Αρχή: | |
|---|---|
| Άλλοι συγγραφείς: | |
| Μορφή: | Βιβλίο |
| Γλώσσα: | English |
| Δημοσίευση: |
Washington, D.C. :
United States Holocaust Memorial Museum,
2004
|
| Θέματα: | |
| Ετικέτες: |
Προσθήκη ετικέτας
Δεν υπάρχουν, Καταχωρήστε ετικέτα πρώτοι!
|
MARC
| LEADER | 00000cam a2200000 i 4500 | ||
|---|---|---|---|
| 001 | 1/30416 | ||
| 008 | 060530s2004 eng d | ||
| 020 | |a 0-8078-2916-1 | ||
| 035 | |l 10084143 | ||
| 040 | |a GR-MY-UA |b gre |e aacr | ||
| 041 | 0 | |a eng | |
| 082 | 0 | |a 362.1080943 |2 (22) | |
| 245 | 1 | 0 | |a Deadly medicine : |b creating the master race / |c project director Susan Bachrach ; editor Dieter Kuntz |
| 260 | |a Washington, D.C. : |b United States Holocaust Memorial Museum, |c 2004 | ||
| 300 | |a xiii, 226 σ.; |b εικ.; |c 33 εκ. | ||
| 504 | |a Περιέχει βιβλιογραφία (σ. 215-217) και ευρετήριο | ||
| 650 | 0 | 0 | |a Eugenics |x History |z Germany |x Catalogs. |
| 650 | 0 | 0 | |a Eugenics |x History |z Germany |x Exhibitions. |
| 650 | 0 | 0 | |a National socialism and science. |
| 650 | 0 | 0 | |a National socialism and medicine. |
| 650 | 0 | 0 | |a Euthanasia |x History |z Germany |x Catalogs. |
| 650 | 0 | 0 | |a Euthanasia |x History |z Germany |x Exhibitions. |
| 650 | 0 | 0 | |a War crimes |x History |z Germany |x Catalogs. |
| 650 | 0 | 0 | |a War crimes |x History |z Germany |x Exhibitions. |
| 651 | 0 | |a Germany |x History |y 1933-1945. | |
| 700 | 1 | |a Bachrach, Susan D., |d 1948- |4 oth | |
| 700 | 1 | |a Kuntz, Dieter. |4 edt | |
| 710 | 2 | |a United States Holocaust Memorial Museum. | |
| 852 | |a INST |b LESVOS |e 20060530 |h 362.1080943 DEA |p 005100035773 |q 005100035773 |t BK |y 0 | ||
| 901 | |a BIBL1-2006-2 | ||
| 909 | |a Λ |b 128526 | ||
| 970 | |a ΚΑΡΑ |b ΓΙΑΣΕΜΗ |z 2006/05/30 | ||